All Star Wars Rebels Characters By Screen Time - Statistics

General Stats
  • This quiz has been taken 34 times
  • The average score is 24 of 63
Answer Stats
Screen Time Answer % Correct
5:30:34 Kanan Jarrus
97%
5:05:04 Sabine Wren
97%
8:55:44 Ezra Bridger
93%
3:47:21 Hera Syndulla
93%
3:44:48 Zeb Orrelios
93%
2:54:31 Chopper
90%
11:11 Darth Vader
83%
34:42 Ahsoka Tano
79%
1:07:53 Alexsandr Kallus
76%
32:48 Maul
72%
39:03 Thrawn
69%
20:30 Grand Inquisitor
59%
8:42 Leia Organa
59%
10:07 Mon Mothma
59%
1:08:34 Rex
59%
12:36 Fifth Brother
55%
4:34 Obi-Wan Kenobi
55%
13:25 Seventh Sister
55%
4:41 Sheev Palpatine/Darth Sidious
55%
31:31 Hondo Ohnaka
52%
10:52 Gregor
48%
:06 Luke Skywalker
48%
9:13 Wilhuff Tarkin
48%
9:26 Wolffe
48%
4:40 C-3PO
45%
1:33 Eighth Brother
45%
16:48 Jun Sato
45%
4:27 R2-D2
45%
1:27 Yoda
45%
26:20 Arihdna Pryce
38%
10:41 Wedge Antilles
38%
33:53 AP-5
34%
10:39 Bendu
31%
9:59 Bo-Katan Kryze
31%
22:23 Ryder Azadi
31%
8:40 Gar Saxon
28%
9:22 Lando Calrissian
28%
3:14 Bail Organa
24%
12:21 Cham Syndulla
24%
21:43 Saw Gererra
24%
11:04 Ursa Wren
24%
12:59 Rukh
21%
3:17 Gobi Glie
17%
10:34 Azmorigan
14%
14:08 Cikatro Vizago
14%
10:34 Dume
14%
11:49 Mart Mattin
14%
1:18 Morad Sumar
14%
4:56 Numa
14%
3:53 Wulff Yularen
14%
3:03 Brom Titus
10%
12:06 Jai Kell
10%
27:09 Fenn Rau
7%
12:09 Ketsu Onyo
7%
:38 Luminara Unduli
7%
6:40 Maketh Tua
7%
:15 Steela Gererra
7%
1:16 Jho
3%
12:19 Kassius Konstantine
3%
:40 Marida Sumar
3%
3:09 Tsoklo
3%
2:28 Valen Rudor
3%
11:16 Yogar Lyste
3%
No matching quizzes found
Score Distribution
Percent of People with Each Score
Percentile by Number Answered
Your Score History
You have not taken this quiz